| 000 | 01137nam a2200265Ia 4500 | ||
|---|---|---|---|
| 001 | 23833 | ||
| 003 | GE_BSU | ||
| 008 | 181216s||||||||xx |||||||||||||| ||und|| | ||
| 040 | _cGE_BSU | ||
| 080 | _a930(479.22)+ 94(479.22) | ||
| 100 | _aჯანაშია, სიმონ | ||
| 245 | _aშრომები. 2. | ||
| 245 | _cრედ. ნ. ბერძენიშვილი | ||
| 250 | _aსაქ. სსრ მეცნ. აკად., ივ. ჯავახიშვილის სახ. ისტორიის ინ-ტი. | ||
| 260 | _aთბილისი | ||
| 260 | _bსაქ. სსრ მეცნ. აკად. გამ-ბა | ||
| 260 | _c1952 | ||
| 300 | _a537 გვ. 22სმ. | ||
| 300 | _eდანართი: საძიებლები, გვ. 505-527. - ბიბლიოგრ.:გვ. 531-536 | ||
| 520 | _aპარალ. სათ. რუს. ენ. | ||
| 541 | _h3ლ. 56თ. | ||
| 653 | _aქართული ისტორიოგრაფია; საქართველოს ისტორია | ||
| 653 | _aშრომები. 2. | ||
| 942 | _cBK | ||
| 999 |
_c56711 _d56711 |
||